000 00562nam a2200169 a 4500
001 000023478
005 20200930022240.0
008 101209s1981 sp ac r 000 0 spa d
040 _aDO-SdBNP
_bspa
_cBNPHU
082 _a234.16
_bM357l
100 1 _aMarqués Suriñach, Juan,
_d1928-
_948374
245 1 0 _aLuz del mundo II :
_bsacramentos, novísimos: (separata-formación religiosa extraescolar) /
_cJuan Marqués Suriñach.
260 _aMadrid :
_bSusaeta,
_c1981.
300 _a201 p. :
_bil., retrs. ;
_c20 cm.
650 4 _aSacramentos
_910990
049 _aBNGR
999 _c22974
_d22974